Normal view
MARC view
Entry Topical Term
001 - CONTROL NUMBER
- control field: 4639
003 - CONTROL NUMBER IDENTIFIER
- control field: ARRUPE
005 - DATE AND TIME OF LATEST TRANSACTION
- control field: 20131202175428.0
008 - FIXED-LENGTH DATA ELEMENTS
- fixed length control field: 131202|| aca||aabn | a|a d
040 ## - CATALOGING SOURCE
- Original cataloging agency: ARRUPE
- Transcribing agency: ARRUPE
150 ## - HEADING--TOPICAL TERM
- Topical term or geographic name as entry element: Bible and feminism.
670 ## - SOURCE DATA FOUND
- Source citation: Work cat.: (ARRUPE)0: Kanyoro, Rachel Angogo, 1953- 4636, Introducing feminist cultural hermeneutics :, 2002